Most Published Marvel Female Heroes - Statistics

General Stats
  • This quiz has been taken 40 times
    18 since last reset
  • The average score is 154 of 500
Answer Stats
Issues Answer % Correct
197 Araña
100%
271 Ghost-Spider
100%
13 Spider-Girl (Gwen Warren)
100%
14 Spider-Girl (Maka Akana)
100%
61 Spider-Woman (Mattie Franklin)
100%
26 Black Widow (Claire Voyant)
92%
1506 Black Widow (Natasha Romanova)
92%
1877 Captain Marvel (Carol Danvers)
92%
24 Cat
92%
461 Destroyer
92%
475 Gamora
92%
290 Madame Web (Julia Carpenter)
92%
210 Mantis
92%
66 Martyr
92%
1740 Phoenix
92%
1669 Scarlet Witch
92%
1487 She-Hulk (Jen Walters)
92%
61 She-Hulk (Lyra)
92%
573 Spectrum
92%
75 White Widow
92%
233 Aja-Adanna
85%
619 Askani
85%
925 Captain Britain (Betsy Braddock)
85%
27 Dr. Annabelle Riggs
85%
72 Iron Patriot
85%
56 Lorelei
85%
820 Magik
85%
630 Medusa
85%
533 Mockingbird
85%
398 Moonstone
85%
622 Mystique
85%
154 Namora
85%
97 Nebula
85%
180 Psylocke
85%
521 Red Harpy
85%
342 Rescue
85%
1288 Rogue
85%
1320 Shadowcat
85%
525 Sif the All-Seeing
85%
828 Spider-Woman (Jessica Drew)
85%
2284 Storm
85%
459 Valkyrie (Brunnhilde)
85%
598 Valkyrie (Jane Foster)
85%
30 Valkyrie (Rūna)
85%
31 Valkyrie (Samantha Parrington)
85%
1399 Wasp (Janet Van Dyne)
85%
150 Wasp (Nadia Van Dyne)
85%
1259 White Queen
85%
389 Boom-Boom
77%
56 Captain Marvel (Phyla-Vell)
77%
343 Clea Strange
77%
496 Dazzler
77%
139 Death (Marlo Chandler)
77%
537 Domino
77%
329 Hawkeye
77%
788 Hellcat
77%
190 Ironheart
77%
389 Jessica Jones
77%
656 Jubilee
77%
309 Karma
77%
297 Kymaera
77%
227 Lady Deathstrike
77%
47 Luna Snow
77%
393 Moondragon
77%
572 Ms. Marvel
77%
19 Namorita
77%
585 Polaris
77%
130 She-Thing
77%
540 Talon
77%
142 The Dryad
77%
453 Tigra
77%
1368 Venom (MJ Watson)
77%
15 Water Snake
77%
544 Wolfsbane
77%
153 Wolverine
77%
43 Amy Chen
69%
261 Armor
69%
584 Black Cat
69%
590 Crystal
69%
289 Dagger
69%
484 Daredevil
69%
428 Firestar
69%
157 Goblin Queen
69%
2127 Invisible Woman
69%
537 Maria Hill
69%
541 Mirage
69%
217 Ms. America (Chavez)
69%
195 Nico Minoru
69%
22 Sister Dagger
69%
162 Snowbird
69%
305 Songbird
69%
249 Squirrel Girl
69%
222 Stinger (Cassie Lang)
69%
182 Agatha Harkness
62%
292 Aurora
62%
38 Blink
62%
148 Echo
62%
282 Gloriana
62%
289 Husk
62%
194 Jocasta
62%
139 Karolina Dean
62%
279 Magma
62%
463 Misty Knight
62%
325 Moira X
62%
106 Nova (Frankie Raye)
62%
18 Nova (Irani Rael)
62%
195 Silk
62%
16 Silver
62%
306 Siryn
62%
256 Celeste Cuckoo
54%
101 Deathbird
54%
168 Destiny
54%
77 Esme Cuckoo
54%
89 Gert Yorkes
54%
112 Gwenpool
54%
342 Hope Summers
54%
32 Lady Phoenix
54%
182 Lilandra
54%
156 Makkari
54%
165 Marrow
54%
257 Mindee Cuckoo
54%
270 Phoebe Cuckoo
54%
54 Sabra
54%
298 Sage
54%
80 Sophie Cuckoo
54%
129 Spiral
54%
124 Bloodstone
46%
264 Brainstorm
46%
143 Callisto
46%
217 Colleen Wing
46%
181 Diamondback
46%
173 Dust
46%
111 Feral
46%
86 Firebird
46%
184 Freyja, God of Hunt
46%
66 Jennifer Kale
46%
58 Lady Mastermind
46%
201 Lightspeed
46%
21 Lionheart
46%
146 Lyja
46%
54 Madame Web (Cassandra Webb)
46%
194 Moon Girl
46%
80 Night Nurse (Linda Carter)
46%
115 Okoye
46%
358 Penance/M
46%
84 Shark-Girl
46%
188 Titania
46%
184 Typhoid Mary
46%
73 Yellowjacket
46%
48 Big Bertha
38%
99 Cerebella
38%
116 Darkstar (Laynia Petrovna)
38%
129 Dr. Cecilia Reyes
38%
128 Energizer
38%
183 Frenzy
38%
164 Mercury
38%
333 Misery
38%
132 Molly Hayes
38%
82 M-Twins
38%
271 Nemesis (Heather Hudson)
38%
322 Pixie
38%
144 Quake
38%
24 Quasar
38%
111 Satana
38%
285 Sersi
38%
58 Silence
38%
192 Silver Sable
38%
92 Skids
38%
132 Spitfire
38%
196 Surge
38%
41 The Cavalry
38%
102 Thundra
38%
74 Venus
38%
101 Victoria Hand
38%
80 White Fox
38%
84 Yukio
38%
177 Abigail Brand
31%
412 Alicia Masters
31%
101 Armageddon Girl
31%
114 Blindfold
31%
146 Danger
31%
53 Dead Girl
31%
72 Deadpool (Ellie Camacho)
31%
26 Doctor Spectrum (Nenet)
31%
38 Joystick
31%
24 Lifeguard
31%
112 Luna
31%
116 Miss America (Joyce)
31%
44 Miss Patriot
31%
89 Nocturne
31%
92 Omega Sentinel
31%
144 Scout
31%
48 Sprite (Eternal)
31%
47 Sprite (Jia Jing)
31%
87 Starhawk (Aleta Ogord)
31%
55 Starlight
31%
26 Tarantula (Maria Vasquez)
31%
223 Temper
31%
121 Tempus
31%
119 Thena
31%
64 Topaz
31%
45 Trinary
31%
232 Valerie Cooper
31%
147 Viv Vision
31%
21 White Tiger
31%
58 White Tiger (Angela del Toro)
31%
104 White Tiger (Ava Ayala)
31%
51 Aero (Lei Ling)
23%
49 Amelia Voght
23%
103 Angela
23%
43 Asira
23%
47 Ayo
23%
145 Bling!
23%
27 Captain America (Roberta Mendez)
23%
21 Delphyne Gorgon
23%
33 Designate
23%
70 EVA
23%
73 Finesse
23%
21 Ghost Rider
23%
60 Golden Girl
23%
124 Hazmat
23%
136 Hepzibah
23%
16 Jackpot (Alana Jobson)
23%
122 Lady Dorma
23%
48 Lifecry
23%
92 Loa
23%
49 Man-Killer
23%
88 Marrina
23%
19 Masque
23%
12 Monica Chang
23%
16 Mur-G'nn
23%
49 Nanny
23%
78 Nekra
23%
17 Night Nurse (Christine Palmer)
23%
121 Old Lace
23%
54 Pod-2
23%
69 Power Princess
23%
22 Rasputin IV
23%
183 Shanna the She-Devil
23%
45 Skein
23%
39 Spirit Rider
23%
49 Stacy X
23%
63 Tempo
23%
46 Ultragirl
23%
45 Wallflower
23%
37 Wave
23%
77 Wind Dancer
23%
24 Agent Venom (Anne Weying)
15%
64 Ajak Celestia
15%
92 Amanda Sefton
15%
15 Amaranth Hawlut
15%
54 Andromeda
15%
54 Aneka
15%
19 Ariel
15%
71 Asp
15%
94 Black Mamba
15%
15 Bronze
15%
58 Candy Southern
15%
35 Cerebra (A.I.)
15%
15 Cerebra (Shakti Haddad)
15%
164 Citizen V (Allegra de Fontaine)
15%
12 Cluster
15%
34 Cybermancer
15%
71 Dakota North
15%
73 Dallas Riordan
15%
26 Debrii
15%
60 Escapade
15%
14 Gaia
15%
119 Hildegarde
15%
21 Hollow
15%
40 Hummingbird
15%
51 Idunn
15%
62 Iso
15%
83 Jolt
15%
33 Klara Prast
15%
13 Kymera
15%
125 Layla Miller
15%
118 Leiko Wu
15%
101 Lila Cheney
15%
29 Magdalene
15%
86 Manta
15%
27 Mike Gutierrez Miller
15%
43 Miss Thing
15%
46 Negasonic Teenage Warhead
15%
124 Nikki
15%
15 Nyla Skin
15%
103 Oracle
15%
82 Persuasion
15%
13 Powerlift
15%
45 Quicksand
15%
25 Rachel Cole-Alves
15%
12 Ren Kimura
15%
73 Rikki Barnes
15%
109 Scarlet Samurai
15%
16 Scorn
15%
31 Scorpion
15%
36 Scythia
15%
15 Shamrock
15%
59 Shard
15%
18 Shooting Star
15%
125 Silhouette
15%
39 Silverclaw
15%
40 Slingshot
15%
87 Smasher
15%
26 Stardust
15%
74 Synapse
15%
117 Talisman
15%
66 Tempest
15%
15 The Locust
15%
82 Trance
15%
77 Transonic
15%
42 Troll
15%
94 Turbo
15%
35 U-Go Girl
15%
41 Veil
15%
25 Voyager
15%
20 Agent Alisande Morales
8%
20 Albedo
8%
32 Alloy
8%
14 Aralune
8%
31 Astra (Imperial Guard)
8%
13 Attaché
8%
35 Bei the Blood Moon
8%
18 Birdy
8%
13 Black Knight
8%
101 Blonde Phantom
8%
73 Bloodline
8%
31 Bloodstorm
8%
69 Bombshell (Lana Baumgartner)
8%
16 Breeze
8%
27 Calico
8%
27 Captain Swain
8%
45 Captain UK
8%
126 Carlie Cooper
8%
50 Cerise
8%
27 Charlie Tidwell
8%
38 Charlotte Jones
8%
44 Cipher
8%
41 Cloud 9
8%
20 Cosmar
8%
21 Crescent
8%
46 Dark Angel
8%
13 Decay
8%
32 Dessy
8%
71 Diamond Lil
8%
36 Dr. Charlene McGowan
8%
85 Dr. Kavita Rao
8%
30 Dusk
8%
22 Elsie-Dee
8%
69 Ernst
8%
36 Excalibur
8%
21 Feint
8%
18 Galura
8%
19 Geiger
8%
36 Goblyn
8%
15 Gone Girl
8%
15 Gorilla Girl
8%
33 Grace
8%
17 Guillotine
8%
13 Gust
8%
64 Hallow's Eve
8%
18 Hightail
8%
13 Hub
8%
39 Hussar
8%
14 Ikon
8%
29 Iron Fist (Fan Fei)
8%
39 Iron Fist (Pei)
8%
35 Jackie McGee
8%
77 Jean DeWolff
8%
29 Jemma Simmons
8%
14 Jen Starkey
8%
27 Jitter
8%
38 Kelda
8%
25 Khora of the Burning Heart
8%
46 Komodo
8%
15 Kyte
8%
13 Lacuna
8%
15 Lady Bright
8%
17 Lexi Miranda
8%
15 Liberty
8%
15 Lightbright
8%
13 Longstrike
8%
17 Lost
8%
69 Lyla
8%
23 Maddy Cho
8%
13 Magique
8%
14 Melee
8%
31 Motormouth
8%
23 Murmur
8%
56 Naja
8%
58 Nakia Bahadir
8%
23 Nemesis (Jane Thorne)
8%
70 Nightshade (Tilda Johnson)
8%
26 Nightside
8%
51 Onome
8%
60 Outlaw
8%
17 Panacea
8%
41 Pathway
8%
18 Praxagora
8%
19 Priya Aggarwal
8%
14 Protector
8%
17 Puck
8%
25 Risque
8%
17 Scintilla
8%
21 Sera
8%
23 Sharon Friedlander
8%
43 Shaylee Moonpeddle
8%
19 Shay Smith
8%
33 Siena Blaze
8%
25 Silver Scorpion
8%
36 Singularity
8%
13 Sister Staff
8%
24 Sky
8%
37 Snowguard
8%
83 Stacy Dolan
8%
47 Starling
8%
17 Sun Girl (Mary Mitchell)
8%
21 Sun Girl (Selah Burke)
8%
17 Tai Miranda
8%
43 Tana Nile
8%
16 Thornn
8%
22 Timeslip
8%
150 Tippy-Toe
8%
86 Tong
8%
91 Tyger Tiger
8%
15 Veda
8%
37 Venus Dee Milo
8%
57 Vicki Montesi
8%
76 Vil
8%
75 Warbird (Ava'Dara Naganandini)
8%
15 Weaponless Zsen
8%
20 Wicked
8%
38 Witchfire
8%
18 Ying Liu
8%
81 Zelma Stanton
8%
45 Zoe Laveau
8%
48 Zoe Zimmer
8%
26 Abyss
0%
67 Agent Emily Preston
0%
36 Agent Roz Solomon
0%
19 Angie Huang
0%
40 Atalanta
0%
129 Bethany Cabe
0%
29 Bluebird
0%
83 Brandy Clark
0%
31 Bride of Nine Spiders
0%
21 Brigadier Sandy Stuart
0%
13 Caledonia
0%
54 Cammi
0%
25 Captain Universe (Tamara Devoux)
0%
26 Caretaker
0%
31 Death Locket
0%
24 Dinah Soar
0%
88 Dr. Anna Maria Marconi
0%
14 Elementary
0%
43 Elloe Kaifi
0%
15 Fantasma
0%
20 Free Spirit
0%
72 Friday
0%
16 Ganymede
0%
12 Go-Go Tomago
0%
14 Gosamyr
0%
14 Honey Lemon
0%
32 Huntara
0%
13 Inka
0%
27 Jazinda
0%
21 Kate McClellan
0%
35 Kate Oldstrong
0%
22 Kiden Nixon
0%
44 Kobik
0%
15 Lady Ursula
0%
15 Lady Vermin
0%
23 Lady Waziria
0%
29 Lauri-Ell the Accuser
0%
56 Lindsay McCabe
0%
34 Lt. Wendy Kawasaki
0%
16 Manon
0%
74 Nancy Whitehead
0%
37 Network Nina
0%
14 Nighteyes
0%
54 N'Kalla
0%
54 No-Name
0%
65 Rachel van Helsing
0%
47 Reese Williams
0%
39 Rigger Ruiz
0%
17 Riot
0%
47 Screwball
0%
21 Sepulchre
0%
14 Sergeant deHalle
0%
61 Sha Shan Nguyen
0%
40 Starbrand
0%
14 Taaia
0%
23 Tara Tam
0%
20 Terrible Eye
0%
20 Tiger's Beautiful Daughter
0%
20 Vampire by Night
0%
17 Verity Willis
0%
92 Widget
0%
40 Wraith
0%
27 Yu-Ti
0%
No matching quizzes found
Score Distribution
Percent of People with Each Score
Percentile by Number Answered
Your Score History
You have not taken this quiz since the last reset